000 00357nam a22001577a 4500
003 OSt
005 20211213105327.0
008 211213b |||||||| |||| 00| 0 eng d
020 _a8131100383
040 _cHU
100 _aS.S.RALHAN
_922763
245 _aSOCIOLOGY OF EDUCATION
260 _aDELHI
_bHALL
_c2006
300 _a280
942 _2ddc
_cBOOKS
_n0
999 _c22378
_d22378